Country Hybrids Quiz Stats

 Plays Quiz Updated Mar 30, 2012

Challenge
Share
Tweet
Embed
Score 0/23 Timer 10:00
4 Plays Today
Sequence Hybrid (pair) % Correct
GERNigermany
87.2%
PANJapanama
74.3%
QIraqatar
72.2%
NAMVietnamibia
70.9%
DENSwedenmark
69.6%
GUANicaraguatemala
68.9%
NICADominicaragua
60.4%
URUNauruguay
51%
ERNigeritrea
47.6%
SAUGuinea-Bissaudi Arabia
45.6%
HOLesothonduras
39.5%
LESSeychellesotho
37.7%
Sequence Hybrid (pair) % Correct
LUTuvaluxembourg
37.2%
ITKuwaitaly
36.8%
ELIsrael Salvador
30.6%
MARMyanmarshall Islands
29.5%
MESurinamexico
22%
OMUnited Kingdoman
21.2%
KASri Lankazakhstan
21.2%
ISSt. Kitts and Nevisrael
20%
IRECôte d'Ivoireland
18.3%
PESão Tomé and Prínciperu
18%
ROMontenegromania
14.9%

You're not logged in!

Compare scores with friends on all Sporcle quizzes.
Join for Free
OR
Log In

You Might Also Like...

Show Comments

Extras

Top Quizzes Today


Score Distribution

Your Account Isn't Verified!

In order to create a playlist on Sporcle, you need to verify the email address you used during registration. Go to your Sporcle Settings to finish the process.

Report this User

Report this user for behavior that violates our Community Guidelines.

Details: